Catalog

Record Details

Catalog Search



The body in the cast #5 [Large Print] / Katherine ... Read More

Available copies

  • 2 of 2 copies available at LARL/NWRL Consortium.

Current holds

0 current holds with 2 total copies.

Show Only Available Copies
Location Call Number / Copy Notes Barcode Shelving Location Status Due Date
Godel Memorial-Warren Library lp PAG (Text) 35500003346051 Main Available -
Thief River Falls Public Library lp PAG (Text) 35500003364401 Main Available -

Record details

  • ISBN: 1574902393 (lg. print : acid-free paper)
  • Physical Description: 314 p. (large print) : ill. ; 25 cm.
  • Edition: A Beeler Large Print ed.
  • Publisher: Hampton Falls, N.H. : Beeler Large Print, 1999.

Content descriptions

General Note:
"A Thomas Dunne book"--T.p. verso.
Subject: Fairchild, Faith Sibley (Fictitious character) > Fiction.
Women in the food industry > Fiction.
Motion picture industry > Fiction.
Caterers and catering > Fiction.
Massachusetts > Fiction.
Cooking > Fiction.
Genre: Mystery fiction.
Large type books.
LDR 01577nam a2200385 a 4500
00146365
003LARL_NWRL_CONSORTIUM
00520000512152302.0
008991007r19991993nhua d 000 1 eng
020 . ‡a1574902393 (lg. print : acid-free paper)
03500. ‡ilcmarc/AYD-5732/NWRLTECH
043 . ‡an-us-ma
08200. ‡a813/.54 ‡221
099 . ‡alp PAG
1001 . ‡aPage, Katherine Hall. ‡0(LARL_NWRL_CONSORTIUM)98617
24514. ‡aThe body in the cast ‡n#5 ‡h[Large Print] / ‡cKatherine Hall Page.
250 . ‡aA Beeler Large Print ed.
260 . ‡aHampton Falls, N.H. : ‡bBeeler Large Print, ‡c1999.
300 . ‡a314 p. (large print) : ‡bill. ; ‡c25 cm.
4900 . ‡aFaith Fairchild ; ‡v5
500 . ‡a"A Thomas Dunne book"--T.p. verso.
650 0. ‡aFairchild, Faith Sibley (Fictitious character) ‡vFiction. ‡0(LARL_NWRL_CONSORTIUM)169327
650 0. ‡aWomen in the food industry ‡vFiction. ‡0(LARL_NWRL_CONSORTIUM)167910
650 0. ‡aMotion picture industry ‡vFiction. ‡0(LARL_NWRL_CONSORTIUM)166029
650 0. ‡aCaterers and catering ‡vFiction. ‡0(LARL_NWRL_CONSORTIUM)164104
651 0. ‡aMassachusetts ‡vFiction. ‡0(LARL_NWRL_CONSORTIUM)166015
650 0. ‡aCooking ‡vFiction. ‡0(LARL_NWRL_CONSORTIUM)164105
655 7. ‡aMystery fiction. ‡2gsafd
655 0. ‡aLarge type books.
901 . ‡a46365 ‡bISxN ‡c46365 ‡tbiblio

Additional Resources